Biblioteka Instytutu Północnego w Olsztynie

Widok standardowy Widok MARC

Pozycja Personal Name

Liczba rekordów, w których użyto hasła: 1

001 - Numer kontrolny

  • control field: 40610

003 - Identyfikator numeru kontrolnego

  • control field: NUKAT

005 - Data i czas ostatniej modyfikacji

  • control field: 20260427102129.0

008 - Dane kontrolne kodowane (40 znaków)

  • fixed length control field: 190810n||azznnbabn |a aaa |

010 ## - Numer kontrolny Biblioteki Kongresu

  • numer kontrolny LC: p 2019055194

035 ## - Numer systemowy

  • numer systemowy: (PL)a1000000049189

040 ## - Instytucja sporządzająca rekord

  • inst. przygot. dane do rek. khw: WA N
  • język haseł przedmiotowych/tezaurus: DBN
  • inst. wprow. rek. khw: WA N

043 ## - Kod obszaru geograficznego

  • ISO code: PL

046 ## - Special dates

  • Birth date: 19411124

100 1# - Hasło - nazwa osobowa

  • nazwa osobowa w formie ujednoliconej: Skwierczyński, Franciszek
  • daty biograficzne: (1941- )

370 ## - Associated place

  • Country: Polska

370 ## - Associated place

  • Country: Francja

370 ## - Associated place

  • Other assoc. place: Szczecin (woj. zachodniopomorskie)

372 ## - Field of activity

  • Field: Służba bezpieczeństwa

372 ## - Field of activity

  • Field: Opozycja polityczna nielegalna

373 ## - Associated Group

  • Associated group: Służba Bezpieczeczeństwa (SB ; Polska)

373 ## - Associated Group

  • Associated group: NSZZ "Solidarność"

374 ## - Occupation

  • Occupation: Tajni współpracownicy służb specjalnych

375 ## - Gender

  • Gender: 1
  • Source of term: iso5218

377 ## - Assoc lang

  • Lang code: pol
  • Lang code: eng
  • Lang code: fre

400 0# - Trop zob. - nazwa osobowa

  • nazwa osobowa (nazwisko, imiona): Kamil (pseudonim)

400 0# - Trop zob. - nazwa osobowa

  • nazwa osobowa (nazwisko, imiona): TW "Kamil"

670 ## - Źródło informacji

  • źródło informacji: Życie w cieniu aparatu bezpieczeństwa / Przemysław Benken. W: Opozycja i opór społeczny w Polsce po 1956 roku. [T. 4]. - Warszawa, 2019.
Biblioteka Instytutu Północnego, ul. Partyzantów 87, 10-402 Olsztyn, email: biblioteka(at)ip.olsztyn.pl